[Event "13th Master Open"]
[Site "Voronezh RUS"]
[Date "2009.06.20"]
[Round "9"]
[White "Matinian,N"]
[Black "Hudyakov,S"]
[Result "1-0"]
[WhiteElo "2369"]
[BlackElo "2234"]

1.Nf3 d5 2.c4 c6 3.b3 Bf5 4.d3 Nf6 5.Bb2 e6 6.g3 Be7 7.Bg2 O-O 8.O-O h6 9.Nbd2 Nbd7
10.Re1 Bh7 11.Qc2 Qb6 12.Rac1 a5 13.a3 Bc5 14.e3 Be7 15.e4 dxe4 16.dxe4 Rfd8
17.Re2 Nc5 18.Ne5 Rd6 19.Bc3 Rad8 20.Re3 Nfd7 21.Nxd7 R6xd7 22.b4 axb4 23.axb4 Na6
24.c5 Qc7 25.Nc4 Nxc5 26.bxc5 Bxc5 27.Re2  1-0

[Event "Open"]
[Site "Albena BUL"]
[Date "2009.06.21"]
[Round "2"]
[White "Berezovics,A"]
[Black "Radulski,J"]
[Result "0-1"]
[WhiteElo "2245"]
[BlackElo "2560"]

1.Nf3 d5 2.c4 e6 3.g3 Nf6 4.Bg2 Be7 5.b3 O-O 6.Bb2 a5 7.Nc3 c6 8.d4 b6 9.O-O Ba6
10.cxd5 cxd5 11.Rc1 Nbd7 12.a4 Rc8 13.Rc2 Ne4 14.Nb5 Bb4 15.Qd3 Rxc2 16.Qxc2 Qb8
17.Rc1 Rc8 18.Qd1 h6 19.Bf1 Rxc1 20.Qxc1 Qc8 21.Qxc8+ Bxc8 22.e3 g5 23.h3 h5
24.Bd3 g4 25.hxg4 hxg4 26.Ne5 Nxe5 27.dxe5 Nd2 28.Nd4 Bd7 29.Be2 f5 30.exf6 e5
31.Nb5 Nxb3 32.Bxe5 Nc5 33.Bd1 Bxb5 34.axb5 a4 35.Bxg4 a3 36.Bf3  0-1

[Event "Oceania Zonal"]
[Site "Gold Coast AUS"]
[Date "2009.06.21"]
[Round "3"]
[White "Bjelobrk,I"]
[Black "Cheng,Bo"]
[Result "1-0"]
[WhiteElo "2332"]
[BlackElo "2103"]

1.Nf3 d5 2.c4 c6 3.e3 Nf6 4.d4 e6 5.Nbd2 c5 6.b3 cxd4 7.exd4 Nc6 8.Bb2 Bd6
9.Bd3 O-O 10.O-O b6 11.Rc1 Bb7 12.Qe2 Rc8 13.Rfd1 Qe7 14.Ne5 Rfd8 15.Ndf3 h6
16.Qe3 a5 17.Re1 a4 18.Nxc6 Bxc6 19.c5 bxc5 20.dxc5 Bb8 21.h3 axb3 22.axb3 d4
23.Nxd4 Qc7 24.Nxc6 Qh2+ 25.Kf1 Bf4 26.Be5 Nd5 27.Ne7+ Kf8 28.Nxd5 Bxe5 29.Qxe5 Qh1+
30.Ke2 Qxg2 31.Ne3  1-0

[Event "SCT WIM"]
[Site "Stockholm SWE"]
[Date "2009.06.23"]
[Round "7"]
[White "Bashkite,V"]
[Black "Matseyko,K"]
[Result "1/2-1/2"]
[WhiteElo "2159"]
[BlackElo "2241"]

1.Nf3 d5 2.c4 e6 3.d4 Nf6 4.Nc3 c6 5.Bg5 Be7 6.e3 O-O 7.Qc2 Nbd7 8.a3 b6
9.cxd5 exd5 10.Bd3 c5 11.Ne5 cxd4 12.Nc6 Qe8 13.Nxe7+ Qxe7 14.Nxd5 Qd6 15.Nxf6+ Nxf6
16.Bxf6 Qxf6 17.Bxh7+ Kh8 18.Be4 Rb8 19.O-O dxe3 20.fxe3 Qg5 21.Rf4 Be6 22.Raf1 Rbc8
23.Qb1 Rc4 24.g3 Rfc8 25.Bf5 Qe7 26.Bxe6 Qxe6 27.Qd3 f6 28.Rxc4 Rxc4 29.Rf4 Rxf4
30.exf4 Kg8  1/2-1/2

[Event "5th Open"]
[Site "Sort ESP"]
[Date "2009.06.24"]
[Round "1"]
[White "Roeder,M"]
[Black "Roy,Pa"]
[Result "1-0"]
[WhiteElo "2426"]
[BlackElo "2061"]

1.Nf3 d5 2.c4 dxc4 3.e3 Nf6 4.Bxc4 e6 5.O-O c5 6.b3 Be7 7.Bb2 O-O 8.Be2 a6
9.d4 Nbd7 10.Nbd2 b6 11.Qc2 Bb7 12.Rac1 Rc8 13.Qb1 b5 14.Rfd1 Qb6 15.dxc5 Bxc5
16.Bd4 Bxd4 17.Nxd4 Nc5 18.a4 bxa4 19.b4 Nb3 20.N4xb3 axb3 21.Qxb3 Nd5 22.Rxc8 Rxc8
23.Nc4 Qc6 24.Bf1 h6 25.e4 Nf6 26.f3 Rb8 27.Qe3 Ba8 28.Rd6 Qa4 29.Rb6 Rd8
30.Qf4 Qa1 31.Qe5 Qb1 32.Rb8 Qd1 33.Rxd8+ Qxd8 34.Qd6 Qc8 35.Nb6 Qe8 36.Bxa6 Bc6
37.Qc5  1-0

[Event "Oceania Zonal"]
[Site "Gold Coast AUS"]
[Date "2009.06.26"]
[Round "9"]
[White "Morris,J"]
[Black "Solomon,SJ"]
[Result "1/2-1/2"]
[WhiteElo "2114"]
[BlackElo "2455"]

1.Nf3 d5 2.c4 e6 3.d4 Nf6 4.Nc3 Be7 5.e3 O-O 6.Bd3 dxc4 7.Bxc4 a6 8.a4 c5
9.O-O Nc6 10.Qd3 b6 11.Rd1 Bb7 12.Qe2 Qc7 13.Ng5 Nb4 14.Na2 b5 15.Nxb4 bxc4
16.Nc2 Rac8 17.h3 cxd4 18.Nxd4 Ne4 19.Nxe4 Bxe4 20.Bd2 e5 21.Nf3 Bd3 22.Qe1 e4
23.Nd4 Qc5 24.Bc3 Rfd8 25.Rdc1 h5 26.b4 cxb3 27.Ba5 Qd5 28.Bxd8 Rxd8 29.Qc3 Bf6
30.Qxb3 Qxb3 31.Nxb3 Bxa1 32.Rxa1 Rc8 33.Rc1 Rxc1+ 34.Nxc1 Bc2 35.a5 Kf8
36.Kf1 Ke7 37.Ke2 Kd6 38.Kd2 Ba4 39.h4 Bb5 40.Kc3 Bf1 41.g3 Ke5 42.Nb3 f6
43.Nd4 g5 44.Kb4 Kd5 45.Nf5 Bh3 46.Nd4 Bg4 47.Nb3 gxh4 48.gxh4 f5 49.Nd4 f4
50.Nc2 f3 51.Nd4 Bd7 52.Nc2 Ke5 53.Nd4 Kd5 54.Nc2 Bb5 55.Nd4 Bd7  1/2-1/2

[Event "Open"]
[Site "Pula CRO"]
[Date "2009.06.28"]
[Round "2"]
[White "Loncar,R"]
[Black "Simic,Mi"]
[Result "1-0"]
[WhiteElo "2435"]
[BlackElo "2140"]

1.Nf3 d5 2.c4 c6 3.e3 Nf6 4.b3 g6 5.Bb2 Bg7 6.Be2 O-O 7.O-O Nbd7 8.d4 Ne4
9.Qc2 e6 10.Nbd2 Ndf6 11.Bd3 Nxd2 12.Nxd2 Bd7 13.b4 Qc7 14.h3 Rfd8 15.Rfc1 Bf8
16.Qb3 Qd6 17.Bc3 Be8 18.a4 Nd7 19.e4 dxe4 20.Nxe4 Qe7 21.Re1 Bg7 22.Rad1 Nf6
23.Nd2 Nh5 24.Nf3 Qc7 25.Bf1 b6 26.Bb2 c5 27.dxc5 bxc5 28.b5 Bxb2 29.Qxb2 Ng7
30.Qf6 Nh5 31.Qc3 Rd6 32.Qe5 Rad8 33.Rxd6 Qxd6 34.g3 f6 35.Qxe6+  1-0

[Event "ZMD Open"]
[Site "Dresden GER"]
[Date "2009.07.01"]
[Round "8"]
[White "Schatz,C"]
[Black "Nyzhnyk,I"]
[Result "0-1"]
[WhiteElo "2179"]
[BlackElo "2486"]

1.Nf3 d5 2.c4 dxc4 3.Qa4+ Nd7 4.g3 a6 5.Qxc4 b5 6.Qc2 Bb7 7.Bg2 Ngf6 8.O-O e6
9.d3 c5 10.b3 Be7 11.Bb2 O-O 12.Nbd2 Rc8 13.e4 Qb6 14.Rac1 Rfd8 15.h3 Nb8
16.Ne5 Nfd7 17.Ndf3 Nxe5 18.Nxe5 a5 19.Kh2 f6 20.Nf3 Nc6 21.a3 Ba6 22.Rfd1 Kf7
23.Bf1 Rd7 24.Qe2 Rcd8 25.Qe3 e5 26.Be2 Rc7 27.Rc2 Bc8 28.Rdc1 Be6 29.Nd2 Nd4
30.Bxd4 cxd4 31.Qf3 Rxc2 32.Rxc2 Bxa3 33.Qh5+ Kg8 34.Bg4 Bf7 35.Qf5 g6 36.Qf3 h5
37.Bc8 Bb4 38.g4 Bxd2 39.Rxd2 Rxc8 40.gxh5 gxh5 41.Rd1 Qe6 42.Ra1 Ra8 43.Rg1+ Kh7
44.Qd1 a4 45.bxa4 bxa4 46.Qc1 a3 47.Qc7 a2 48.Rd1 Rc8 49.Qa5 Rc2 50.Kg2 Rb2  0-1

[Event "World Open"]
[Site "Philadelphia USA"]
[Date "2009.07.02"]
[Round "2"]
[White "Bonin,J"]
[Black "Stripunsky,A"]
[Result "1/2-1/2"]
[WhiteElo "2369"]
[BlackElo "2556"]

1.Nf3 d5 2.c4 c6 3.d4 Nf6 4.Qc2 dxc4 5.Qxc4 Bg4 6.Nbd2 Nbd7 7.g3 Qc7 8.Bg2 Rd8
9.O-O e5 10.dxe5 Nxe5 11.Nxe5 Qxe5 12.Nf3 Qe6 13.Qxe6+ Bxe6 14.Be3 c5 15.Rfc1 b6
16.a4 Be7 17.a5 Nd5 18.axb6 axb6 19.Bg5 f6 20.Bd2 Kf7 21.Ra7 Ra8 22.Rca1 Rxa7
23.Rxa7 Rd8 24.h4 b5 25.Rb7 b4 26.e4 Bc8 27.Rb8 Nc7 28.Bf1 Bg4 29.Bc4+ Be6
30.Rxd8 Bxd8 31.Bxe6+ Kxe6 32.Kf1 f5 33.exf5+ Kxf5 34.Ke2 Bf6 35.b3 Ke4 36.Be3 Nb5
37.Nd2+ Kd5 38.Kd3 Na3 39.h5 Bc3  1/2-1/2

[Event "ch-NOR"]
[Site "Bergen NOR"]
[Date "2009.07.04"]
[Round "1"]
[White "Groenn,A"]
[Black "Moen,A"]
[Result "0-1"]
[WhiteElo "2422"]
[BlackElo "2312"]

1.Nf3 d5 2.c4 d4 3.e3 Nc6 4.exd4 Nxd4 5.Nxd4 Qxd4 6.Nc3 c6 7.d3 Nh6 8.Ne2 Qd7
9.Bxh6 gxh6 10.g3 Bg7 11.Qd2 O-O 12.Bg2 Rd8 13.Rd1 Qd6 14.O-O Bg4 15.Rfe1 Rd7
16.b3 Rad8 17.Qe3 Qb4 18.Kf1 Qa5 19.h3 Bf5 20.Nc1 Bg6 21.Re2 e6 22.Kg1 a6
23.Rc2 c5 24.Kh2 Qc7 25.Bf1 Kh8 26.Rcd2 h5 27.h4 Bc3 28.Rc2 Bd4 29.Qf3 Be5
30.Rcd2 Rd4 31.Kh1 Be4 32.Qxe4 Rxe4 33.dxe4 Rxd2 34.Rxd2 Bxg3 35.fxg3 Qxg3
36.Nd3 Qxh4+ 37.Kg1 Qxe4 38.Nf2 Qg6+ 39.Bg2 b5 40.cxb5 axb5 41.Ne4 h4 42.Rd3 c4
43.bxc4 bxc4 44.Rc3 f5 45.Nf2 h3 46.Rxh3 Qg7 47.Ra3 Qd4 48.Ra8+ Kg7 49.Rc8 c3
50.Bf1 e5 51.Rc7+ Kf6 52.Rc6+ Ke7 53.Rc4 Qd2 54.Nd3 c2 55.Nxe5 Qe3+ 56.Kg2 Qxe5  0-1

[Event "Open"]
[Site "Pula CRO"]
[Date "2009.07.04"]
[Round "9"]
[White "Guenthner,O"]
[Black "Jovanic,O"]
[Result "0-1"]
[WhiteElo "2248"]
[BlackElo "2539"]

1.Nf3 d5 2.c4 c6 3.cxd5 cxd5 4.d4 Nc6 5.g3 Nf6 6.Bg2 Bg4 7.Ne5 Bd7 8.Nc3 e6
9.Nxc6 Bxc6 10.O-O Be7 11.Qd3 O-O 12.Bd2 Qb6 13.Rab1 Rfd8 14.Be3 Ne8 15.Bf4 Bf6
16.Rfd1 Rac8 17.Qd2 h6 18.g4 Nd6 19.e3 Ne4 20.Nxe4 dxe4 21.Qe1 Bd5 22.b3 Rc2
23.Rd2 Rdc8 24.Qd1 R2c3 25.Rdb2 Qb4 26.Bf1 a6 27.a4 Qa3 28.h3 Be7 29.Kg2 Qb4
30.Kg1 Qa5 31.b4 Qd8 32.Ra1 Qd7 33.Rab1 Bc4 34.Bxc4 R8xc4 35.Kg2 Qd5 36.Qd2 b6
37.Qd1 Qd7 38.b5 a5 39.Ra1 Qd5 40.Rba2 Kh7 41.Bg3 Rc8 42.Qf1 Bg5 43.Qd1 g6
44.Qe2 Bf6 45.Qd1 Bg7 46.Qe2 f5 47.Qd1 R3c4 48.Rd2 Bf6 49.Kh2 Kg7 50.Qe2 Rc3
51.Raa2 Qb3 52.Qd1 Qc4 53.Qe2 Kf7 54.Qxc4 R8xc4 55.Bd6 Be7 56.Bxe7 Kxe7 57.d5 e5
58.d6+ Kd7 59.Rd5 Rc5 60.Rd1 Rd3 61.Rg1 f4 62.Re1 Rc4 63.Kg2 Kxd6 64.h4 Kd5
65.Kf1 Ke6 66.Kg2 h5 67.gxh5 gxh5 68.Kh2 Kf6 69.Rg1 fxe3 70.fxe3  0-1

[Event "XXXII Open"]
[Site "Barbera ESP"]
[Date "2009.07.05"]
[Round "2"]
[White "Vassallo Barroche,M"]
[Black "Canal Oliveras,J"]
[Result "1/2-1/2"]
[WhiteElo "2409"]
[BlackElo "2248"]

1.Nf3 d5 2.c4 d4 3.g3 g6 4.Bg2 Bg7 5.O-O Nc6 6.d3 a5 7.Na3 Nf6 8.e3 dxe3
9.Bxe3 Ng4 10.Bc1 O-O 11.Nb5 Nce5 12.Ne1 Nxc4 13.Qc2 Nd6 14.Nxc7 Rb8 15.Nd5 Nf5
16.h3 Nd4 17.Qd1 Ne5 18.Bg5 Nec6 19.Nc2 Nxc2 20.Qxc2 Be6 21.Qc5 Bxd5 22.Bxd5 Bxb2
23.Bxc6 Bxa1 24.Rxa1 bxc6 25.Bxe7 Qxd3 26.Bxf8 Rxf8 27.Qxa5 Rb8 28.a4 Rb1+
29.Rxb1 Qxb1+ 30.Kh2 Qa2 31.Kg2 c5 32.Qd8+ Kg7 33.a5 c4 34.h4 h5 35.Qd4+ Kg8
36.Qc5 Qa1 37.Qc8+  1/2-1/2

[Event "XXIX Open"]
[Site "Benasque ESP"]
[Date "2009.07.05"]
[Round "4"]
[White "Bogner,S"]
[Black "Burmakin,V"]
[Result "0-1"]
[WhiteElo "2505"]
[BlackElo "2627"]

1.Nf3 d5 2.c4 c6 3.e3 Nf6 4.Nc3 a6 5.Qc2 g6 6.d4 Bg7 7.Bd3 O-O 8.O-O dxc4
9.Bxc4 Bf5 10.e4 Bg4 11.e5 Nd5 12.Qe4 Bxf3 13.Qxf3 Nb6 14.Bb3 Qxd4 15.Be3 Qb4
16.e6 f5 17.Rac1 a5 18.Bxb6 Qxb6 19.Na4 Qa7 20.Rfd1 b5 21.Nc3 a4 22.Bc2 Qb6
23.Bd3 Na6 24.Bf1 Bf6 25.g3 Rac8 26.Bg2 Nb8 27.Qf4 Rcd8 28.Qb4 Rxd1+ 29.Rxd1 Rd8
30.Rxd8+ Qxd8 31.Qf4 a3 32.Bf3 axb2 33.Nb1  0-1

[Event "37th Greek Teams"]
[Site "Kallithea GRE"]
[Date "2009.07.05"]
[Round "4"]
[White "Sandalakis,A"]
[Black "Parginos,V"]
[Result "1/2-1/2"]
[WhiteElo "2350"]
[BlackElo "2196"]

1.Nf3 d5 2.c4 e6 3.g3 Nf6 4.Bg2 Be7 5.O-O O-O 6.d4 dxc4 7.Qc2 a6 8.a4 Bd7
9.Qxc4 Bc6 10.Bg5 Nbd7 11.Nc3 Nb6 12.Qd3 Qe8 13.b3 Nbd5 14.Nxd5 Nxd5 15.Bd2 Nf6
16.Rfc1 Rd8 17.Bf4 Be4 18.Qe3 c6 19.Be5 Bxf3 20.Qxf3 Nd5 21.g4 Bd6 22.Bxd6 Rxd6
23.Qg3 Qd8 24.e3 Rd7 25.Rab1 Qa5 26.Rb2 Qb4 27.Qf3 f5 28.gxf5 Rxf5 29.Qe4 Rf6
30.Kh1 Qa3 31.Qb1 Rdf7 32.Bxd5 exd5 33.f4 Re6 34.Rc3 Qe7 35.Qd3 Qh4 36.Rg2 Rfe7
37.Rg3 Rh6 38.Rg2 Qe1+ 39.Rg1 Qf2 40.Rg2 Qe1+ 41.Rg1 Qf2 42.Rg2 Qe1+  1/2-1/2

[Event "XXXII Open"]
[Site "Barbera ESP"]
[Date "2009.07.06"]
[Round "3"]
[White "Guramishvili,S"]
[Black "Cuartas,Ja"]
[Result "0-1"]
[WhiteElo "2339"]
[BlackElo "2521"]

1.Nf3 d5 2.c4 c6 3.e3 Nf6 4.Nc3 a6 5.b3 Bg4 6.Be2 e6 7.Ne5 Bxe2 8.Qxe2 Bd6
9.f4 Nbd7 10.Nf3 O-O 11.O-O Re8 12.Bb2 Qe7 13.Nd1 e5 14.fxe5 Nxe5 15.Nf2 Nxf3+
16.Qxf3 Be5 17.Bxe5 Qxe5 18.Rac1 Rad8 19.Rc2 Re7 20.Ng4 Nxg4 21.Qxg4 d4 22.exd4 Qxd4+
23.Qxd4 Rxd4 24.Rf3 Red7 25.Re3 f5 26.Re2 Kf7 27.Kf2 Rh4 28.h3 g5 29.Rc3 Rhd4
30.Ke1 f4 31.Rf3 Kg6 32.Ref2 Kf5 33.g3 Rd3 34.Ke2 Rxd2+ 35.Kf1 Rxf2+ 36.Rxf2 Rd3
37.gxf4 gxf4 38.Kg2 Rg3+ 39.Kh2 Rg7 40.Re2 f3 41.Re8 Rg2+ 42.Kh1 Rxa2  0-1

[Event "Maria Albulet Mem"]
[Site "Braila ROM"]
[Date "2009.07.09"]
[Round "6"]
[White "Sgircea,S"]
[Black "Cosma,E"]
[Result "1/2-1/2"]
[WhiteElo "2199"]
[BlackElo "2337"]

1.Nf3 d5 2.c4 e6 3.g3 Nf6 4.Bg2 Be7 5.O-O O-O 6.Qc2 Nbd7 7.d4 c6 8.Rd1 b6
9.b3 Ba6 10.Nbd2 c5 11.e4 dxc4 12.Nxc4 cxd4 13.Nxd4 Rc8 14.Qe2 Qc7 15.Bf1 Nc5
16.f3 Nfd7 17.Bf4 e5 18.Nf5 Rfe8 19.Be3  1/2-1/2

[Event "KUTXA"]
[Site "Donostia ESP"]
[Date "2009.07.09"]
[Round "3"]
[White "Bauer,Ch"]
[Black "Argandona Riveiro,I"]
[Result "1/2-1/2"]
[WhiteElo "2602"]
[BlackElo "2364"]

1.Nf3 d5 2.c4 d4 3.d3 c5 4.e3 Nc6 5.exd4 cxd4 6.g3 e5 7.Bg2 Bb4+ 8.Bd2 a5
9.O-O Nf6 10.Re1 Nd7 11.Na3 Bxa3 12.bxa3 O-O 13.Rb1 Qe7 14.Bc1 Nc5 15.Rb5 Bg4
16.h3 Bh5 17.a4 f6 18.Ba3 Nb4 19.Bxb4 axb4 20.Qb1 Be8 21.Rxb4 Bc6 22.a3 Qd7
23.Nd2 Bxg2 24.Kxg2 Rxa4 25.Ne4 Nxe4 26.Rxe4 Rxa3 27.Rxb7 Qc6 28.Kh2 f5 29.Rxe5 Qf3
30.Qh1 Qxf2+ 31.Qg2 Ra2 32.Qxf2 Rxf2+ 33.Kg1 Rd2 34.Ree7 Ra8 35.Rxg7+ Kf8
36.Rbf7+ Ke8 37.Re7+ Kd8 38.Ra7 Rxa7 39.Rxa7 Rxd3 40.Kg2 Rc3 41.Rxh7 Rxc4
42.Rf7 Rc5 43.Kf3 Ke8 44.Ra7 Rc1 45.Ra2 Rf1+ 46.Kg2 Re1 47.Ra5 d3 48.Rd5 Re2+
49.Kf3 Rh2 50.Rxd3 Rxh3 51.Kf4 Kf7 52.Kg5 f4 53.Kxf4 Rh6 54.Rd7+ Kg8 55.Kg5 Ra6
56.g4 Rb6 57.Kh5 Ra6 58.g5 Rb6 59.Ra7 Rc6 60.Ra8+ Kg7  1/2-1/2

[Event "XI Open"]
[Site "Torredembarra ESP"]
[Date "2009.07.09"]
[Round "6"]
[White "Milchev,N"]
[Black "Cruz,F"]
[Result "1-0"]
[WhiteElo "2351"]
[BlackElo "2415"]

1.Nf3 d5 2.c4 e6 3.g3 Nf6 4.Bg2 Be7 5.O-O O-O 6.d4 b6 7.Nc3 Bb7 8.Bf4 Nbd7
9.Rc1 a6 10.Ne5 c5 11.dxc5 Nxc5 12.b4 Nce4 13.Nxe4 dxe4 14.Qb3 Nh5 15.Rfd1 Qc8
16.Nd7 Nxf4 17.gxf4 Qc7 18.Nxf8 Bxf8 19.e3 g5 20.fxg5 Qe5 21.h4 Rc8 22.Qa4 b5
23.cxb5 axb5 24.Qa7 Rxc1 25.Rxc1 Qb2 26.Rd1 Bd5 27.a3 Qe2 28.Ra1 Qg4 29.Rc1 Qxh4
30.Qb8 Qxg5 31.Qg3 Qxg3 32.fxg3 Bd6 33.Bf1 Bxg3 34.Bxb5 f5 35.Bc6 Kf7 36.a4 f4
37.Kg2 h5 38.Bxd5 exd5 39.exf4 h4 40.a5  1-0

[Event "XXXII Open"]
[Site "Barbera ESP"]
[Date "2009.07.10"]
[Round "7"]
[White "Guramishvili,S"]
[Black "Costa Trave,J"]
[Result "1-0"]
[WhiteElo "2339"]
[BlackElo "1981"]

1.Nf3 d5 2.c4 d4 3.e3 c5 4.exd4 cxd4 5.d3 Nc6 6.g3 Bf5 7.Bg2 e6 8.O-O Be7
9.a3 a5 10.Qe2 h5 11.b3 Bf6 12.Nbd2 h4 13.Bb2 Nge7 14.c5 Nd5 15.Nc4 Kf8 16.Nd6 Bg6
17.Qc2 Rb8 18.Nd2 hxg3 19.hxg3 Ne5 20.N2e4 Ng4 21.Rfe1 Be5 22.Nc4 Qc7 23.Qd2 Bxe4
24.dxe4 Nc3 25.Qg5 Bxg3 26.Qxg4 Bh2+ 27.Kf1 Qxc5 28.a4 b5 29.axb5 Qxb5 30.Bxc3 dxc3
31.Rxa5 Qxb3 32.Ne3 c2 33.Rc5 Qd3+ 34.Qe2 Qxe2+ 35.Kxe2 Bf4 36.Rxc2 Bxe3
37.Kxe3 Rb3+ 38.Ke2 Rh2 39.Kf1 e5 40.Rd1 Rb7 41.Rc3 Rh4 42.Rdc1 Rf4 43.Rc8+ Ke7
44.R1c7+ Rxc7 45.Rxc7+ Kf6 46.Ke2 Kg6 47.Ke3 f6 48.Bh3 Kh6 49.Rc8 g6 50.f3 Kg7
51.Rc7+ Kh6 52.Be6 Kg5 53.Rg7 Kh6 54.Rg8 Kh7 55.Bf7 f5 56.exf5 gxf5 57.Rg1 Kh6
58.Bg6  1-0

[Event "Helmut Kohls IM"]
[Site "Dortmund GER"]
[Date "2009.07.10"]
[Round "7"]
[White "Racherbaeumer,M"]
[Black "Litwak,A"]
[Result "1-0"]
[WhiteElo "2284"]
[BlackElo "2268"]

1.Nf3 d5 2.c4 e6 3.g3 Nf6 4.Bg2 c5 5.O-O Nc6 6.b3 Be7 7.Bb2 d4 8.e3 O-O 9.exd4 cxd4
10.Re1 Ne8 11.Na3 f6 12.Nc2 e5 13.Nh4 g5 14.Bd5+ Kh8 15.Ng2 Bf5 16.f4 Bxc2
17.Qxc2 Nb4 18.Qf5 Ng7 19.Qe4 Nxd5 20.cxd5 Bd6 21.fxe5 fxe5 22.Rf1 Qa5 23.Qd3 Qxd5
24.Ne3 Qe6 25.Nc4 Bc7 26.a4 Qg6 27.Qe2 Qe6 28.Qe4 Qc6 29.Qg4 Qg6 30.Qd7 Qc6
31.Qg4 Qg6 32.Ba3 Rfe8 33.Qd7 Qc6 34.Qf7 Bb6 35.Rf6 Qc7 36.Nxb6 Qxf7 37.Rxf7 axb6
38.Rxb7 Reb8 39.Re7 Re8 40.Re1 Ra5 41.Rf1 Raa8 42.Rb7 Re6 43.Rff7 Rg6 44.Rfe7 Re8
45.Rxe8+ Nxe8 46.Re7 Ng7 47.Rxe5 Ne6 48.Rd5 g4 49.Bb2 Ng5 50.Bxd4+ Kg8 51.Be3 Nf3+
52.Kf2 Rf6 53.Ke2 Nxh2 54.Rg5+ Kf7 55.Rh5 Nf1 56.Bf4 Rxf4 57.Rxh7+ Kg6 58.gxf4 Ng3+
59.Kf2 Ne4+ 60.Ke3 g3 61.Rh1 Kf5 62.Rg1  1-0

[Event "XXXII Open"]
[Site "Barbera ESP"]
[Date "2009.07.11"]
[Round "8"]
[White "Camarena Gimenez,R"]
[Black "Ipatov,A ESP"]
[Result "1/2-1/2"]
[WhiteElo "2402"]
[BlackElo "2454"]

1.Nf3 d5 2.c4 d4 3.g3 c5 4.e4 Nc6 5.d3 e5 6.Bg2 Bd6 7.O-O Nge7 8.Nbd2 Bg4
9.a3 Qd7 10.Qa4 f6 11.b4 cxb4 12.Nb3 bxa3 13.Bxa3 O-O 14.Rfb1 Bxa3 15.Rxa3 b6
16.c5 Rab8 17.cxb6 axb6 18.Nbd2 Na5 19.Qb4 Nec6 20.Qb5 Be6 21.Nh4 Qd6 22.Raa1 Qc5
23.Nf5 Qxb5 24.Rxb5 g6 25.Nh4 Na7 26.Rb2 N5c6 27.f4 b5 28.Nhf3 b4 29.Bf1 Nb5
30.Ra6 Rfc8 31.fxe5 fxe5 32.Nxe5 Nxe5 33.Rxe6 Nc6 34.e5  1/2-1/2

[Event "Summer IM"]
[Site "Aarhus DEN"]
[Date "2009.07.12"]
[Round "5"]
[White "Skytte,R"]
[Black "Berg,K"]
[Result "1/2-1/2"]
[WhiteElo "2396"]
[BlackElo "2432"]

1.Nf3 d5 2.c4 c6 3.e3 Nf6 4.Nc3 e6 5.b3 Bd6 6.Bb2 O-O 7.Qc2 Nbd7 8.Be2 a6
9.d4 Qe7 10.O-O dxc4 11.bxc4  1/2-1/2

[Event "ch-SUI"]
[Site "Graechen SUI"]
[Date "2009.07.12"]
[Round "4"]
[White "Gerber,R"]
[Black "Hasenohr,B"]
[Result "1-0"]
[WhiteElo "2388"]
[BlackElo "2080"]

1.Nf3 d5 2.c4 e6 3.d4 Nf6 4.Bg5 Nbd7 5.e3 Be7 6.Nc3 c6 7.cxd5 exd5 8.Bd3 O-O
9.Qc2 Re8 10.O-O Nf8 11.Rae1 g6 12.Ne5 Ne6 13.f4 Ng7 14.f5 Bxf5 15.Bxf5 Nxf5
16.g4 Nxg4 17.Bxe7 Ngxe3 18.Qxf5 Rxe7 19.Qf6 Nxf1 20.Ng4 Qf8 21.Rxe7 h5 22.Rxf7 Ne3
23.Qxg6+  1-0

[Event "LTC Open A"]
[Site "Leiden NED"]
[Date "2009.07.12"]
[Round "3"]
[White "Naroditsky,D"]
[Black "Van Overdam,J"]
[Result "1-0"]
[WhiteElo "2356"]
[BlackElo "2042"]

1.Nf3 d5 2.c4 d4 3.g3 c5 4.b4 f6 5.Bg2 e5 6.d3 cxb4 7.a3 Nc6 8.O-O a5 9.axb4 Nxb4
10.Na3 Ne7 11.Nb5 Nec6 12.Nd2 Be7 13.f4 O-O 14.f5 Na7 15.Na3 Rb8 16.Ne4 Bd7
17.g4 Qe8 18.Qe1 Bc6 19.Qg3 Kh8 20.g5 Bxe4 21.Bxe4 fxg5 22.Bxg5 Bf6 23.Kh1 Qe7
24.Rg1 Bxg5 25.Qxg5 Qxg5 26.Rxg5 b6 27.Rag1 Rf7 28.h4 Rd8 29.h5 Rd6 30.c5 bxc5
31.Nc4 Ra6 32.Nxe5 Re7 33.Nc6 Naxc6 34.f6 Rxe4 35.dxe4 Ra7 36.fxg7+ Kg8 37.h6 Rf7
38.Rxc5 Rf6 39.Rh5 a4 40.Ra1  1-0

[Event "1st Artemis Cup"]
[Site "Leros GRE"]
[Date "2009.07.12"]
[Round "2"]
[White "Frandzeskakis,K"]
[Black "Boros,De"]
[Result "0-1"]
[WhiteElo "2137"]
[BlackElo "2485"]

1.Nf3 d5 2.c4 dxc4 3.e3 Nf6 4.Bxc4 e6 5.O-O a6 6.d4 Nbd7 7.Nc3 b5 8.Be2 Bb7
9.a4 b4 10.Nb1 c5 11.Nbd2 Be7 12.b3 O-O 13.Bb2 Bd5 14.Rc1 Qb8 15.Ne5 Bd6
16.Nxd7 Nxd7 17.h3 Rd8 18.Bf3 Bxf3 19.Qxf3 cxd4 20.Bxd4 e5 21.Bb2 Nc5 22.Rfd1 Bf8
23.Nc4 e4 24.Qg4 Nxb3 25.Rxd8 Qxd8 26.Rd1 Qc8 27.Qxe4 Nc5 28.Qd4 Nxa4 29.Ba1 Qe6
30.Qd5 Qxd5 31.Rxd5 Rc8 32.Rd4 h6  0-1

[Event "ch-SCO"]
[Site "Edinburgh SCO"]
[Date "2009.07.13"]
[Round "3"]
[White "Campbell,E"]
[Black "Mcbride,J"]
[Result "1-0"]
[WhiteElo "1908"]
[BlackElo "1828"]

1.Nf3 d5 2.c4 c6 3.e3 Nf6 4.Nc3 e6 5.b3 Nbd7 6.Bb2 Be7 7.Qc2 O-O 8.Be2 Re8
9.Rg1 Nf8 10.g4 N6d7 11.g5 f5 12.gxf6 Bxf6 13.O-O-O Ng6 14.h4 Bxh4 15.Nxh4 Qxh4
16.Rh1 Qe7 17.Rxh7 Kxh7 18.Rh1+ Kg8 19.Qxg6 Nf6 20.Nxd5 cxd5 21.Bxf6 Qf7
22.Qh7+ Kf8 23.Qh8+ Qg8 24.Bxg7+ Ke7 25.Qh4+ Kd7 26.Qd4 Re7 27.Bf6 Rh7 28.Rxh7+ Qxh7
29.cxd5 Qh1+ 30.Kb2 Qxd5 31.Bb5+ Kd6 32.Be5+ Ke7 33.Qh4+  1-0

[Event "Richard Riordan GM Rapid"]
[Site "Natanya ISR"]
[Date "2009.07.14"]
[Round "10"]
[White "Eljanov,P"]
[Black "Nepomniachtchi,I"]
[Result "1-0"]
[WhiteElo "2716"]
[BlackElo "2632"]

1.Nf3 d5 2.c4 d4 3.g3 g6 4.b4 Bg7 5.d3 e5 6.Bg2 Ne7 7.O-O O-O 8.Nbd2 h6 9.a4 c5
10.bxc5 f5 11.Ne1 Nbc6 12.Nc2 Kh7 13.Ra3 g5 14.e3 Ng6 15.Qh5 Bd7 16.Rb3 Na5
17.Rb4 Bc6 18.Bxc6 bxc6 19.exd4 exd4 20.Nf3 f4 21.Rb1 Rf5 22.Bd2 Ne7 23.g4 Rxc5
24.Bb4 Qd6 25.Nxg5+ Rxg5 26.Bxd6 Rxh5 27.gxh5 Bf6 28.Bxe7 Bxe7 29.Nxd4 Rd8
30.Rfe1 Bf6 31.Nb3 Nb7 32.Re6 Bh4 33.Rxc6 Nd6 34.Nd2 Rd7 35.Nf3 Nf5 36.Rc5  1-0

[Event "Richard Riordan GM Rapid"]
[Site "Natanya ISR"]
[Date "2009.07.14"]
[Round "12"]
[White "Eljanov,P"]
[Black "Avrukh,B"]
[Result "1/2-1/2"]
[WhiteElo "2716"]
[BlackElo "2641"]

1.Nf3 d5 2.c4 d4 3.e3 Nc6 4.g3 f6 5.Bg2 e5 6.O-O dxe3 7.fxe3 Qd3 8.Nc3 Qxc4
9.d4 Bd7 10.d5 Nce7 11.Nd2 Qa6 12.Nde4 Nf5 13.d6 Bxd6 14.Nxd6+ Nxd6 15.Nd5 O-O-O
16.Qc2 Qc4 17.Nc3 Bc6 18.e4 Nb5 19.Be3 Nxc3 20.bxc3 a6 21.Rab1 Ne7 22.Rb4 Qd3
23.Qf2 Qxc3 24.Rb3 Qc4 25.Rc1 Qa4 26.Qc2 Rd7 27.Bf3 Rhd8 28.Qb2 Rd3 29.Rb4 Qa3
30.Bg4+ Kb8 31.Qxa3 Rxa3 32.Bc5 Nc8 33.Rb2 Ra4 34.Bd1 Ra5 35.Be2 Ra4 36.Bb4 Nb6
37.Bd1 Rxb4 38.Rxb4 Rd2 39.a4 Kc8 40.a5 Nd7 41.Bb3 Kd8 42.Rc2 Rd1+ 43.Kf2 Rb1
44.Rd2 Ke7 45.Rc2 Ra1 46.Bd5 Bxd5 47.exd5 Rxa5 48.Rxb7 Rxd5 49.Rcxc7 a5 50.Ra7 Ke6
51.Rc6+ Kf5 52.Rcc7 Ke6 53.Rc6+ Kf5 54.Rcc7 Ke6  1/2-1/2

[Event "Open"]
[Site "Rethymno GRE"]
[Date "2009.07.14"]
[Round "4"]
[White "Mirzoev,A"]
[Black "Hristodoulou,P"]
[Result "0-1"]
[WhiteElo "2559"]
[BlackElo "2125"]

1.Nf3 d5 2.c4 c6 3.b3 Nf6 4.Bb2 e6 5.g3 Nbd7 6.Bg2 Bd6 7.O-O O-O 8.d4 b6
9.Nbd2 Bb7 10.Qc2 Qe7 11.Rad1 Rad8 12.e4 Nxe4 13.Nxe4 dxe4 14.Qxe4 f5 15.Qe2 c5
16.Rfe1 Rfe8 17.Qc2 Be4 18.Qc1 Nf8 19.d5 Bxf3 20.Bxf3 e5 21.Bh5 g6 22.Be2 Qf7
23.Qc3 Nd7 24.a3 h6 25.b4 Kh7 26.f3 Qf8 27.b5 Re7 28.a4 Rde8 29.Kg2 g5 30.Qc2 Kg8
31.Rf1 Rf7 32.a5 Ree7 33.axb6 axb6 34.Ra1 h5 35.Ra7 Kg7 36.Rfa1 Kh6 37.Ra8 Re8
38.Rxe8 Qxe8 39.Ra7 e4 40.fxe4 fxe4 41.Bc1 Qe5 42.Qd2 Kg6 43.Qe3 h4 44.Bd2 hxg3
45.hxg3 Qf5 46.Ra8 Nb8 47.Bc3 Rh7 48.Kg1 Rh3 49.Be1 Be5 50.Kg2 Rh7 51.Bc3 Qh3+
52.Kf2 Bxg3+  0-1

[Event "ch-SCO"]
[Site "Edinburgh SCO"]
[Date "2009.07.15"]
[Round "5"]
[White "Montgomery,R"]
[Black "Shaw,J"]
[Result "0-1"]
[WhiteElo "1944"]
[BlackElo "2462"]

1.Nf3 d5 2.c4 c6 3.g3 Nf6 4.b3 dxc4 5.bxc4 e5 6.Bg2 e4 7.Ng5 Bc5 8.O-O Bd4
9.Nc3 e3 10.fxe3 Bxc3 11.dxc3 Qxd1 12.Rxd1 Nbd7 13.Ne4 Nxe4 14.Bxe4 Nb6 15.Bd3 Be6
16.c5 Na4 17.Ba3 Nxc3 18.Rd2 O-O 19.Rc2 Na4 20.Rb1 Rfb8 21.Rb4 b5 22.cxb6 axb6
23.Rxc6 Bxa2 24.Be4 g6 25.Rc2 Ra5 26.Rxa2 Nc3 27.Ra1 Nxe4 28.Bb2 Rxa1+ 29.Bxa1 f5
30.Be5 Rb7 31.Kg2 b5 32.Kf3 h5 33.h3 Ng5+ 34.Kg2 Kf7 35.g4 Ke6 36.Bf4 Ne4
37.gxh5 gxh5 38.Kf3 Kd5 39.Bh6 Kc6 40.Kf4 Nd6 41.Bf8 Nc4 42.e4 fxe4 43.Kxe4 Rb8
44.Bg7 Kc5 45.Rb1 Nd2+  0-1

[Event "ch-EGY"]
[Site "Cairo EGY"]
[Date "2009.07.16"]
[Round "9"]
[White "Amin,A"]
[Black "Wageih,K"]
[Result "0-1"]
[WhiteElo "2357"]
[BlackElo "2253"]

1.Nf3 d5 2.c4 c6 3.e3 Nf6 4.Nc3 g6 5.d4 Bg7 6.Be2 O-O 7.O-O dxc4 8.Bxc4 Bg4
9.Be2 Nbd7 10.e4 Nb6 11.a4 e5 12.dxe5 Nfd7 13.a5 Nc8 14.Qb3 Qc7 15.Be3 Nxe5
16.Nxe5 Bxe2 17.Nxf7 Bxf1 18.Ng5+ Kh8 19.Rxf1 h6 20.Ne6 Qf7 21.f4 Nd6 22.g4 Rae8
23.f5 gxf5 24.exf5 Nxf5 25.gxf5 Qg8 26.Ne4 Be5+ 27.Kh1 Rxe6 28.Rg1 Rg6 29.Qxg8+ Rgxg8
30.Rf1 Rg4 31.Bxh6 Rfg8 32.f6 Rh4 33.Bg7+ Rxg7 34.fxg7+ Kxg7 35.Nf2 Rxh2+
36.Kg1 Rh5 37.Nd3 Bd4+ 38.Kg2 Rxa5 39.Rd1 Ra2 40.Rd2 c5 41.Rc2 b5 42.Nxc5 Bxc5
43.Rxc5 Rxb2+ 44.Kf1 a5 45.Ke1 a4 46.Kd1 a3 47.Kc1 b4 48.Ra5 Kf6 49.Kd1 a2  0-1